书目信息

书名: 移动电商 
作者: 李冠杰 邹卒 主编
出版信息: 北京   人民邮电出版社  2022.5
开本页数: 26cm  180页
丛书名: 高等院校电子商务类新形态系列教材
单 册:
中图分类: F713.3
科图分类:
主题词: 移动电子商务--yi dong dian zi shang wu--高等教育--教材
电子资源:
ISBN: 978-7-115-58561-5
000 01322nam 2200301 450
001 012022000003
005 20220418111847.5
010    @a978-7-115-58561-5@dCNY42.00
100    @a20220418d2022 em y0chiy50 ea
101 @achi
102    @aCN@b110000
105    @aa z 000yy
106    @ar
200 @a移动电商@Ayi dong dian shang@e微课版@d= Mobile ecommerce@f李冠杰, 邹卒主编@zeng
205    @a第2版
210    @a北京@c人民邮电出版社@d2022.5
215    @a180页@c图@d26cm
225 @a高等院校电子商务类新形态系列教材@Agao deng yuan xiao dian zi shang wu lei xin xing tai xi lie jiao cai
300    @a工业和信息化普通高等教育“十三五”规划教材立项项目
330    @a本书全面、系统地阐释了移动电商的相关理论与实践知识。全书共10章, 具体包括移动电商概述、移动电商的商业模式、跨境移动电商、移动电商团队管理、手机淘宝、微信与微博营销、App营销、移动支付、直播营销和移动电商实战应用案例等内容。全书注重课程思政理念的培养, 突出具有中国特色的移动电商理论知识。
410  0 @12001 @a高等院校电子商务类新形态系列教材
510 @aMobile ecommerce@zeng
606 @a移动电子商务@Ayi dong dian zi shang wu@x高等教育@j教材
690    @aF713.3@v5
701  0 @a李冠杰@Ali guan jie@4主编
701  0 @a邹卒@Azhou zu@4主编
801  0 @aCN@bCDNYKJZYXY@c20220418
905    @aCDNYKJZYXY@b300671665-7@dF713.3@e1235@f3
    
    移动电商:微课版= Mobile ecommerce/李冠杰, 邹卒主编.-第2版.-北京:人民邮电出版社,2022.5
    180页:图;26cm.-(高等院校电子商务类新形态系列教材)
    工业和信息化普通高等教育“十三五”规划教材立项项目
    
    ISBN 978-7-115-58561-5:CNY42.00
    本书全面、系统地阐释了移动电商的相关理论与实践知识。全书共10章, 具体包括移动电商概述、移动电商的商业模式、跨境移动电商、移动电商团队管理、手机淘宝、微信与微博营销、App营销、移动支付、直播营销和移动电商实战应用案例等内容。全书注重课程思政理念的培养, 突出具有中国特色的移动电商理论知识。
相关链接 在五车中查询图书 在当当中查询图书 在豆瓣中查询图书


正题名:移动电商     索取号:F713.3/1235         预约/预借

序号 登录号 条形码 馆藏地/架位号 状态 备注
1 671665   300671665   柳城-5楼/16架7列3层/ [索取号:F713.3/1235] 在馆    
2 671666   300671666   柳城-5楼/16架7列3层/ [索取号:F713.3/1235] 在馆    
3 671667   300671667   柳城-5楼/16架7列3层/ [索取号:F713.3/1235] 在馆